[Event "It (open)"]
[Site "Biel (Switzerland)"]
[Date "2007.08.02"]
[Round "10"]
[White "Makarov Marat (RUS)"]
[Black "Roiz Michael (ISR)"]
[Result "0-1"]
[WhiteElo "2518"]
[BlackElo "2630"]
[PlyCount "96"]
[EventDate "2007.??.??"]
[Source "www.chesslib.no"]
[SourceDate "2004.05.04"]

1. d4 Nf6 2. Nf3 g6 3. g3 Bg7 4. Bg2 d5 5. O-O c6 6. Bf4 O-O 7. Qc1 Re8 8. c4 Bf5 9. Rd1 Nbd7 10. cxd5 cxd5 11. Nc3 Rc8 12. Nh4 Be6 13. Qd2 a6 14. Rac1 b5 15. Bh6 Bxh6 16. Qxh6 Qa5 17. a3 Nb6 18. e4 Nc4 19. exd5 Bg4 20. Rf1 Nxb2 21. Ne4 Qb6 22. Rc5 Na4 23. Qg5 Bd7 24. Rxc8 Rxc8 25. Qe5 Nxe4 26. Qxe4 Qd6 27. Nf3 Nc3 28. Qh4 Nxd5 29. Ne5 Nf6 30. Re1 Be8 31. Ng4 Nxg4 32. Qxg4 Rc4 33. h4 Rxd4 34. Qc8 Kf8 35. Qc3 f6 36. Re3 Rc4 37. Qa5 h5 38. Bf3 Rc2 39. Qe1 Qd2 40. Qxd2 Rxd2 41. Re6 Rd3 42. Bb7 a5 43. Ra6 a4 44. Ra8 Kf7 45. Be4 Rxa3 46. Bd5+ e6 47. Ra7+ Kf8 48. Bxe6 Rd3 0-1

[Event "FRA-ch team"]
[Site "?"]
[Date "2001.04.29"]
[Round "9"]
[White "Bauer Christian"]
[Black "Banikas Hristos"]
[Result "1-0"]
[WhiteElo "2612"]
[BlackElo "2535"]
[PlyCount "131"]
[EventDate "2001.??.??"]
[Source "www.chesslib.no"]
[SourceDate "2004.05.04"]

1. d4 Nf6 2. Nf3 g6 3. g3 Bg7 4. Bg2 O-O 5. O-O d6 6. Nc3 d5 7. Bf4 c6 8. Re1 Bf5 9. Nh4 Bc8 10. Qd2 Ne4 11. Nxe4 dxe4 12. c3 f5 13. f3 e5 14. dxe5 Qxd2 15. Bxd2 Bxe5 16. fxe4 f4 17. Nf3 Bc7 18. Bxf4 Bxf4 19. gxf4 Rxf4 20. Ne5 Na6 21. Rad1 Be6 22. Rd6 Re8 23. Nd3 Rf7 24. b3 Kg7 25. Rf1 Rfe7 26. c4 Nb8 27. Nc5 Bc8 28. Rfd1 Re5 29. Rd8 Kf8 30. Rxe8+ Kxe8 31. Nd3 Ra5 32. Rd2 Rg5 33. Kf2 Rh5 34. h3 Nd7 35. Nf4 b6 36. Rd6 Rh4 37. Kg3 g5 38. Ne6 Ke7 39. Nxg5 Kxd6 40. Kxh4 Kc5 41. Nf7 Nf8 42. e5 b5 43. cxb5 cxb5 44. Kg5 Ne6+ 45. Kf6 Nf4 46. Be4 Bxh3 47. e3 Nh5+ 48. Kg5 Ng7 49. Bxh7 a5 50. e4 a4 51. Bf5 Bf1 52. Nd6 Be2 53. bxa4 bxa4 54. a3 Kd4 55. Kg6 Nh5 56. e6 Nf4+ 57. Kg5 Nxe6+ 58. Bxe6 Ke5 59. Bc4 Bd1 60. Nb5 Kxe4 61. Kf6 Bb3 62. Bf1 Kd5 63. Ke7 Bc4 64. Nc7+ Kd4 65. Bxc4 Kxc4 66. Kd6 1-0

[Event "Zuerich op"]
[Site "?"]
[Date "2001.12.30"]
[Round "7"]
[White "Burmakin Vladimir"]
[Black "Kengis Edvins"]
[Result "1/2-1/2"]
[WhiteElo "2586"]
[BlackElo "2561"]
[PlyCount "82"]
[EventDate "2001.??.??"]
[Source "www.chesslib.no"]
[SourceDate "2004.05.04"]

1. d4 Nf6 2. Nf3 d6 3. g3 g6 4. Bg2 Bg7 5. O-O O-O 6. c4 Bf5 7. Qb3 Qc8 8. Nc3 Nc6 9. Rd1 a5 10. Nd5 a4 11. Qa3 Bc2 12. Rd2 Be4 13. Nc3 Bxf3 14. Bxf3 e5 15. Bxc6 bxc6 16. dxe5 dxe5 17. Kg2 Qe6 18. Qc5 Nd7 19. Qe3 Nb6 20. Qd3 Nxc4 21. Rd1 e4 22. Qc2 e3 23. f3 a3 24. b3 Nb6 25. Rb1 Nd5 26. Nxd5 cxd5 27. b4 d4 28. Rb3 c6 29. Bxa3 Rfb8 30. Qe4 Qxe4 31. fxe4 c5 32. Rc1 Bf8 33. e5 cxb4 34. Bb2 Rxa2 35. Kf3 Rd8 36. Rc4 h5 37. Bxd4 Ra3 38. Rxa3 bxa3 39. Ra4 Re8 40. h4 Rb8 41. Ke4 Be7 1/2-1/2

[Event "Bundesliga 9596"]
[Site "GER"]
[Date "1995.??.??"]
[Round "?"]
[White "Ribli, Zoltan"]
[Black "Bologan, Viktor"]
[Result "1/2-1/2"]
[WhiteElo "2600"]
[BlackElo "2540"]
[PlyCount "91"]
[EventDate "1995.10.??"]
[Source "www.chesslib.no"]
[SourceDate "2004.05.04"]

1. Nf3 Nf6 2. g3 g6 3. Bg2 Bg7 4. d4 O-O 5. O-O d6 6. b3 a5 7. Bb2 a4 8. c4 c5 9. Na3 Nc6 10. Nb5 Ne4 11. e3 axb3 12. axb3 Rxa1 13. Bxa1 Qa5 14. Ne1 Bf5 15. g4 Bxg4 16. Qxg4 Nxf2 17. Qe2 Qxa1 18. Nf3 Qa5 19. Qxf2 Qb4 20. Qc2 Bh6 21. Kf2 Ra8 22. d5 Nb8 23. Bh3 Qa5 24. Kg3 Qd8 25. e4 Na6 26. e5 Nc7 27. Nxc7 Qxc7 28. e6 f5 29. Bxf5 gxf5 30. Qxf5 Rf8 31. Qh5 Rf6 32. Ng5 Rg6 33. h4 Qa5 34. Qf3 Rf6 35. Qd3 Rg6 36. Kg4 Bxg5 37. hxg5 Qa2 38. Qf3 Kh8 39. Qc3+ Kg8 40. Qf3 Kh8 41. Rf2 Qa1 42. Qg3 Qd1+ 43. Kh4 Qh1+ 44. Qh2 Qe4+ 45. Qf4 Qh1+ 46. Qh2 1/2-1/2

[Event "EuTCh, Leon ESP"]
[Site "?"]
[Date "2001.??.??"]
[Round "7"]
[White "Romanishin, O."]
[Black "Jobava, Ba"]
[Result "1/2-1/2"]
[WhiteElo "2575"]
[BlackElo "2555"]
[PlyCount "103"]
[EventDate "2001.??.??"]
[Source "www.chesslib.no"]
[SourceDate "2004.05.04"]

1. Nf3 Nf6 2. g3 g6 3. Bg2 Bg7 4. O-O O-O 5. d4 d6 6. a4 Nc6 7. a5 d5 8. Nbd2 Bf5 9. Nb3 Qc8 10. Ne5 Nb4 11. c3 Na6 12. Re1 Rd8 13. Be3 Ne4 14. Nd3 c6 15. f3 Nd6 16. Bf2 Bxd3 17. Qxd3 e5 18. dxe5 Bxe5 19. f4 Bg7 20. e4 dxe4 21. Bxe4 Qe6 22. Qc2 Nxe4 23. Rxe4 Qf5 24. Rae1 h5 25. Qe2 Qd5 26. Nd4 Nc5 27. Re3 Bxd4 28. cxd4 Ne6 29. Re4 Rd6 30. Qc2 Rad8 31. Re5 Nxd4 32. Rxd5 Nxc2 33. Rxd6 Rxd6 34. Re7 Rd5 35. Rxb7 Rxa5 36. Bxa7 Kg7 37. Kf2 Kf6 38. Ke2 c5 39. Kd3 Nd4 40. Bxc5 Rxc5 41. Kxd4 Rc2 42. h4 Rg2 43. Rb3 Kf5 44. Rb5+ Ke6 45. f5+ gxf5 46. Rb6+ Ke7 47. Ke5 Rxg3 48. Rb7+ Kd8 49. Rb4 f4 50. Rd4+ Ke7 51. Rxf4 Rb3 52. Rf2 1/2-1/2

[Event "Chigorin Memorial"]
[Site "Sochi RUS"]
[Date "1977.??.??"]
[Round "?"]
[White "Tal, Mikhail N"]
[Black "Rashkovsky, Nukhim N"]
[Result "1-0"]
[WhiteElo "2620"]
[BlackElo "2510"]
[PlyCount "83"]
[EventDate "1977.08.31"]
[Source "www.chesslib.no"]
[SourceDate "2004.05.04"]

1. Nf3 Nf6 2. g3 g6 3. b3 Bg7 4. Bb2 O-O 5. Bg2 d6 6. d4 e5 7. dxe5 Ng4 8. h3 Nxe5 9. Nxe5 Bxe5 10. Bxe5 dxe5 11. Qxd8 Rxd8 12. Nd2 c6 13. O-O-O Be6 14. Ne4 Rxd1+ 15. Rxd1 Nd7 16. f4 exf4 17. gxf4 Nb6 18. Nd6 Nd5 19. Rd4 b6 20. Kd2 Rd8 21. Ne4 Rc8 22. c4 Ne7 23. Ng5 c5 24. Rd3 Rc7 25. Rd8+ Kg7 26. Bd5 Nxd5 27. cxd5 Bd7 28. e4 h6 29. d6 Rb7 30. Nf3 Bxh3 31. Ne5 Be6 32. d7 Kf6 33. Rf8 Rxd7+ 34. Nxd7+ Bxd7 35. Ra8 Bc6 36. Rxa7 Bxe4 37. Ke3 Bb1 38. a4 h5 39. Rb7 h4 40. Kf3 h3 41. Rxb6+ Kf5 42. Rb5 1-0

[Event "Wichern Open 3rd"]
[Site "Hamburg GER"]
[Date "1995.??.??"]
[Round "6"]
[White "Malaniuk, Vladimir P"]
[Black "Gallagher, Joseph G"]
[Result "1/2-1/2"]
[WhiteElo "2615"]
[BlackElo "2515"]
[PlyCount "25"]
[EventDate "1995.09.??"]
[Source "www.chesslib.no"]
[SourceDate "2004.05.04"]

1. d4 Nf6 2. Nf3 d6 3. g3 g6 4. Bg2 Bg7 5. O-O O-O 6. a4 c6 7. a5 Qc7 8. Nc3 Nbd7 9. e4 e5 10. h3 Rb8 11. Be3 b5 12. axb6 axb6 13. dxe5 1/2-1/2

[Event "Bad Lauterberg"]
[Site "Bad Lauterberg"]
[Date "1991.??.??"]
[Round "11"]
[White "Romanishin, Oleg M"]
[Black "Gruenberg, Hans Ulrich"]
[Result "1-0"]
[WhiteElo "2600"]
[BlackElo "2530"]
[PlyCount "73"]
[EventDate "1991.11.??"]
[Source "ChessBase"]

1. d4 Nf6 2. Nf3 g6 3. g3 Bg7 4. Bg2 O-O 5. O-O d6 6. Nc3 c6 7. e4 b5 8. e5 Ne8 9. Bg5 f6 10. Be3 Nc7 11. exd6 exd6 12. Qd2 Nd7 13. Ne1 d5 14. Nd3 a5 15. Rfe1 Nb6 16. b3 a4 17. Nb4 Qd7 18. Ne2 Na6 19. Nxa6 Rxa6 20. Nf4 Ra8 21. Nd3 Qf7 22. Bf4 Bf5 23. Nb4 Qd7 24. h4 Rfc8 25. Re2 Bf8 26. Rae1 Ra7 27. Nd3 axb3 28. axb3 Ra2 29. Nb4 Raa8 30. Bh6 Bd6 31. Nd3 Ra2 32. Nc5 Qf7 33. Qc3 Raa8 34. Nd3 Ra2 35. Nb4 Raa8 36. Bf3 Qd7 37. Nd3 1-0

[Event "Escaldes zt"]
[Site "Escaldes"]
[Date "1998.11.07"]
[Round "2"]
[White "Comas Fabrego, Luis"]
[Black "Hebden, Mark"]
[Result "1-0"]
[WhiteElo "2540"]
[BlackElo "2590"]
[PlyCount "123"]
[EventDate "1998.11.06"]
[Source "ChessBase"]
[SourceDate "1999.02.01"]

1. d4 Nf6 2. Nf3 g6 3. g3 Bg7 4. Bg2 O-O 5. O-O d6 6. a4 a5 7. c3 Nbd7 8. Nbd2 e5 9. dxe5 dxe5 10. Nc4 Qe7 11. b3 Rd8 12. Ba3 Qe8 13. Qc2 Nd5 14. Rad1 N7b6 15. Ncxe5 Bxe5 16. Nxe5 Qxe5 17. c4 Bf5 18. e4 Nb4 19. Bxb4 axb4 20. exf5 c6 21. fxg6 hxg6 22. Rfe1 Qf6 23. c5 Nd7 24. Qc4 Qc3 25. Rc1 Qxc4 26. Rxc4 Re8 27. Rd1 Re7 28. Bh3 f5 29. Bf1 Kg7 30. Rdc1 Ra5 31. Rxb4 Nxc5 32. Rb6 Ne4 33. Re1 Rd7 34. Bg2 Nf6 35. Bf3 Rc5 36. h4 Rc3 37. Re3 Rxe3 38. fxe3 Rc7 39. Rb4 Nd7 40. Rd4 Nc5 41. Bd1 Ne6 42. Rd2 Kf6 43. Kg2 Ke5 44. Bc2 b5 45. g4 Nc5 46. Kf3 Rb7 47. gxf5 gxf5 48. Rh2 bxa4 49. bxa4 Ne4 50. h5 Ng5+ 51. Ke2 Rb2 52. Kd3 Rb8 53. Kc4 Nf7 54. Kc5 Nh6 55. Rf2 Rb2 56. Kxc6 Ng4 57. Rxf5+ Ke6 58. Rc5 Nxe3 59. Bd3 Kf6 60. a5 Ng4 61. Kc7 Ne5 62. Bb5 1-0

[Event "Piatka op"]
[Site "Swidnica"]
[Date "1997.??.??"]
[Round "?"]
[White "Eingorn, Vereslav S"]
[Black "Kuzmin, Gennadi P"]
[Result "1/2-1/2"]
[WhiteElo "2595"]
[BlackElo "2535"]
[PlyCount "50"]
[EventDate "1997.??.??"]
[Source "www.chesslib.no"]
[SourceDate "2004.05.04"]

1. Nf3 d6 2. d4 Nf6 3. g3 g6 4. Bg2 Bg7 5. O-O O-O 6. a4 a5 7. c3 Nbd7 8. Re1 e5 9. e4 Re8 10. Nbd2 exd4 11. cxd4 Nb8 12. h3 Nc6 13. Ra3 Nb4 14. Nh2 c6 15. Nb1 Be6 16. Nc3 Bc4 17. Bf1 Bxf1 18. Kxf1 Qb6 19. Kg2 Qa6 20. Re2 Qc4 21. Nf3 Rad8 22. Bg5 h6 23. Bxf6 Bxf6 24. Ra1 Bg7 25. Qd2 Rd7 1/2-1/2

[Event "CRO-chT"]
[Site "Pula"]
[Date "2000.09.18"]
[Round "8"]
[White "Bistric, Faruk"]
[Black "Smirin, Ilia"]
[Result "0-1"]
[WhiteElo "2451"]
[BlackElo "2677"]
[PlyCount "68"]
[EventDate "2000.09.??"]
[Source "www.chesslib.no"]
[SourceDate "2004.05.04"]

1. Nf3 Nf6 2. g3 g6 3. b3 Bg7 4. Bb2 d6 5. d4 O-O 6. Bg2 c5 7. O-O cxd4 8. Nxd4 d5 9. c4 dxc4 10. bxc4 Nfd7 11. Qc1 Na6 12. Nb3 Ne5 13. Na3 Qb6 14. Bd4 Nf3+ 15. Bxf3 Bxd4 16. Nxd4 Qxd4 17. Rd1 Qe5 18. Rb1 Rb8 19. Nc2 Nc5 20. Ne3 Be6 21. Qa3 Rfc8 22. Qxa7 Ra8 23. Qb6 Rxa2 24. Rd8+ Kg7 25. Rxc8 Bxc8 26. Nd5 Bf5 27. Rd1 Ne4 28. Qe3 e6 29. Bxe4 Qxe4 30. Qxe4 Bxe4 31. Nc3 Bc2 32. Rd7 Rb2 33. Nb5 Be4 34. f3 Bc6 0-1

[Event "Krynica zt"]
[Site "Krynica"]
[Date "1998.09.02"]
[Round "1"]
[White "Badea, Bela"]
[Black "Spasov, Vasil"]
[Result "1/2-1/2"]
[WhiteElo "2530"]
[BlackElo "2595"]
[PlyCount "20"]
[EventDate "1998.09.02"]
[Source "ChessBase"]
[SourceDate "1998.11.30"]

1. Nf3 g6 2. d4 Bg7 3. g3 d6 4. Bg2 Nf6 5. O-O O-O 6. h3 Nbd7 7. d5 Nc5 8. Nc3 Bd7 9. Nd4 Rc8 10. a4 Re8 1/2-1/2

[Event "Harmonie Open A"]
[Site "Groningen NED"]
[Date "2007.12.28"]
[Round "7"]
[White "Rotstein, A."]
[Black "Banikas, H."]
[Result "1-0"]
[WhiteElo "2534"]
[BlackElo "2591"]
[PlyCount "73"]
[EventDate "2007.12.21"]
[Source "www.chesslib.no"]
[SourceDate "2004.05.04"]

1. d4 Nf6 2. Nf3 g6 3. g3 Bg7 4. Bg2 O-O 5. O-O d6 6. a4 c6 7. a5 d5 8. Bf4 Bf5 9. Ne5 Nfd7 10. Nd2 Nxe5 11. Bxe5 f6 12. Bxb8 Rxb8 13. e4 dxe4 14. c3 Re8 15. Bxe4 Bh3 16. Qb3+ Kh8 17. Rfd1 Qc7 18. Bg2 Bf5 19. Re1 e5 20. dxe5 Rxe5 21. Rxe5 Qxe5 22. Nf3 Qe8 23. Re1 Qf8 24. Nd4 Bd7 25. h4 f5 26. Nf3 Bf6 27. Ne5 Be8 28. a6 Bxe5 29. Rxe5 Bf7 30. Qa4 Qd6 31. Qf4 Qd8 32. Re7 Kg8 33. axb7 Kf8 34. Rd7 Qe8 35. Qd6+ Kg7 36. Re7 Qf8 37. Bxc6 1-0

[Event "Cup Yug M 2002"]
[Site "?"]
[Date "2002.05.15"]
[Round "3"]
[White "Paunovic Dragan"]
[Black "Fressinet Laurent"]
[Result "0-1"]
[WhiteElo "2518"]
[BlackElo "2606"]
[PlyCount "92"]
[EventDate "2002.??.??"]
[Source "www.chesslib.no"]
[SourceDate "2004.05.04"]

1. d4 g6 2. Nf3 Bg7 3. g3 c5 4. c3 Nf6 5. Bg2 Na6 6. O-O O-O 7. Nbd2 d5 8. Ne5 Bf5 9. Ndf3 Qb6 10. a4 cxd4 11. Nxd4 Be4 12. f3 Bf5 13. Kh1 Nc5 14. a5 Qd8 15. Be3 Qc7 16. Bf4 Qc8 17. g4 Be6 18. b4 Ncd7 19. Rc1 Nxe5 20. Bxe5 Rd8 21. Bg3 Ne8 22. h3 Bd7 23. f4 Nf6 24. f5 Qc4 25. Qd3 Rac8 26. Bh4 Be8 27. Rfd1 Ba4 28. Rf1 a6 29. Qe3 Qc7 30. Bg3 Qd7 31. Be5 Rc4 32. fxg6 hxg6 33. Qf4 Qe8 34. Bf3 Bc6 35. g5 Nd7 36. Bxg7 Kxg7 37. Qh4 e5 38. Qh6+ Kg8 39. Nxc6 bxc6 40. Bg4 d4 41. cxd4 Rxc1 42. Rxc1 exd4 43. Bf3 Ne5 44. Bg2 d3 45. exd3 Nxd3 46. Rf1 Rd4 0-1

[Event "Scaccomatto, Torino ITA"]
[Site "?"]
[Date "2000.??.??"]
[Round "5"]
[White "Delchev, A."]
[Black "Epishin, V."]
[Result "1/2-1/2"]
[WhiteElo "2555"]
[BlackElo "2565"]
[PlyCount "66"]
[EventDate "2000.??.??"]
[Source "www.chesslib.no"]
[SourceDate "2004.05.04"]

1. d4 Nf6 2. Nf3 g6 3. g3 c5 4. c3 Qa5 5. dxc5 Qxc5 6. Bg2 d6 7. O-O Bg7 8. a4 O-O 9. a5 Bd7 10. Nd4 Qc8 11. Qb3 Nc6 12. a6 bxa6 13. Nxc6 Bxc6 14. Bxc6 Qxc6 15. Qa4 Qb5 16. Qxa6 Qh5 17. Kg2 Qd5+ 18. f3 Rfb8 19. Ra5 Qe6 20. Na3 Nd7 21. Qc4 Nc5 22. Qxe6 fxe6 23. Nc4 Nb3 24. Ra2 a5 25. Be3 d5 26. Nb6 Ra6 27. Nd7 Rb5 28. f4 d4 29. cxd4 Bxd4 30. Bxd4 Nxd4 31. Kf2 Rc6 32. Rd1 Rd5 33. Ra4 Rxd7 1/2-1/2

[Event "Helsinki"]
[Site "?"]
[Date "1992.??.??"]
[Round "?"]
[White "Romanishin, O."]
[Black "Magerramov, E."]
[Result "1/2-1/2"]
[WhiteElo "2555"]
[BlackElo "2565"]
[PlyCount "40"]
[EventDate "1992.??.??"]
[Source "ChessBase"]
[SourceDate "1992.06.01"]

1. d4 Nf6 2. Nf3 g6 3. g3 Bg7 4. Bg2 O-O 5. O-O d6 6. Nc3 d5 7. Re1 Ne4 8. Bf4 Nc6 9. Nb5 a6 10. Na3 Nxd4 11. Nxd4 e5 12. Be3 exd4 13. Bxd4 Bxd4 14. Qxd4 c5 15. Qe3 Re8 16. Rad1 d4 17. Qf4 Ng5 18. Nc4 Bh3 19. Qd6 b5 20. Qxd8 Raxd8 1/2-1/2

[Event "JUG-ch"]
[Site "Belgrade"]
[Date "1999.??.??"]
[Round "8"]
[White "Kosic, Dragan"]
[Black "Markovic, Miroslav"]
[Result "1-0"]
[WhiteElo "2528"]
[BlackElo "2587"]
[PlyCount "71"]
[EventDate "1999.03.??"]
[Source "www.chesslib.no"]
[SourceDate "2004.05.04"]

1. Nf3 Nf6 2. g3 g6 3. b3 Bg7 4. Bb2 O-O 5. Bg2 d6 6. d4 Nbd7 7. O-O e5 8. dxe5 Ng4 9. Qd2 Ngxe5 10. c4 Nxf3+ 11. Bxf3 Bxb2 12. Qxb2 c6 13. Nc3 Ne5 14. Bg2 f5 15. e3 Qf6 16. Rad1 Bd7 17. Qa3 Nf7 18. Rd4 Rfe8 19. Rfd1 Re5 20. b4 Be8 21. b5 Qd8 22. Rb1 Qe7 23. Kh1 Qc7 24. Rbd1 Qb6 25. Qb3 Qa5 26. a4 a6 27. bxc6 bxc6 28. R4d3 Re7 29. Ne2 Qc5 30. Nf4 Raa7 31. Rd4 Rab7 32. Qc2 Qa3 33. Qe2 Qb2 34. R4d2 Qe5 35. Nd3 Qf6 36. Nf4 1-0

[Event "Donetsk (zt) 74/70"]
[Site "?"]
[Date "1998.??.??"]
[Round "?"]
[White "Romanishin, Oleg M"]
[Black "Golubev, Mihail"]
[Result "1/2-1/2"]
[WhiteElo "2600"]
[BlackElo "2515"]
[PlyCount "114"]
[EventDate "1998.??.??"]
[Source "ChessBase"]
[SourceDate "1998.10.01"]

1. d4 Nf6 2. Nf3 g6 3. g3 Bg7 4. Bg2 O-O 5. O-O d6 6. a4 a5 7. Nc3 d5 8. Re1 Bf5 9. Nh4 Be6 10. e4 dxe4 11. Nxe4 Nxe4 12. Bxe4 c6 13. c3 Nd7 14. Bg2 Bd5 15. Bxd5 cxd5 16. Qb3 Nb6 17. Nf3 Re8 18. Bf4 e6 19. h4 Re7 20. h5 Nc4 21. hxg6 hxg6 22. Qc2 Qb6 23. Re2 Qc6 24. Kg2 b5 25. axb5 Qxb5 26. Rh1 Rb7 27. Bc1 Rab8 28. Bf4 Re8 29. Bc1 Reb8 30. Bf4 Re8 31. Qd3 a4 32. Bc1 Reb8 33. Ne5 Nxe5 34. Qxb5 Rxb5 35. dxe5 Rb3 36. Re3 Rc8 37. Rhe1 Bh6 38. f4 Bf8 39. Rf3 a3 40. bxa3 Rcxc3 41. Rxc3 Rxc3 42. a4 Rc4 43. Be3 Rxa4 44. Rc1 Rc4 45. Ra1 Kg7 46. Ra8 Bb4 47. Bb6 g5 48. Bd8 Kg6 49. Bxg5 Kf5 50. Kh3 d4 51. Ra7 d3 52. Rxf7+ Ke4 53. f5 d2 54. Rd7 Kxf5 55. Bxd2 Bxd2 56. Rxd2 Re4 57. Kg2 Rxe5 1/2-1/2

[Event "Ter Apel"]
[Site "Ter Apel"]
[Date "1993.??.??"]
[Round "4"]
[White "Hansen, Curt"]
[Black "Nijboer, Friso"]
[Result "1-0"]
[WhiteElo "2610"]
[BlackElo "2505"]
[PlyCount "81"]
[EventDate "1993.03.??"]
[Source "ChessBase"]

1. d4 Nf6 2. Nf3 g6 3. g3 Bg7 4. Bg2 O-O 5. O-O d6 6. b3 c5 7. c4 Bg4 8. Bb2 Nfd7 9. Nc3 Bxf3 10. Bxf3 cxd4 11. Nb5 Nc6 12. Nxd4 Nxd4 13. Bxd4 Bxd4 14. Qxd4 Qc7 15. Rac1 a5 16. h4 Rab8 17. Rfd1 Qc5 18. Qb2 Qe5 19. Qxe5 Nxe5 20. c5 Nxf3+ 21. exf3 dxc5 22. Rxc5 b6 23. Rc7 Rfd8 24. Rxd8+ Rxd8 25. Rxe7 Rd2 26. a4 Rb2 27. Re3 Kg7 28. Kg2 h6 29. f4 Rc2 30. Re5 Rc6 31. Rb5 f5 32. h5 Kf6 33. hxg6 Kxg6 34. Kh3 Kf6 35. Kh4 Kg6 36. f3 Rc3 37. Rxb6+ Kg7 38. Rb5 Kg6 39. g4 Rxf3 40. Rxf5 Rxb3 41. Rxa5 1-0

[Event "HUN-chT9899"]
[Site "HUN"]
[Date "1998.??.??"]
[Round "?"]
[White "Szekely, Peter"]
[Black "Almasi, Zoltan"]
[Result "0-1"]
[WhiteElo "2465"]
[BlackElo "2650"]
[PlyCount "64"]
[EventDate "1998.??.??"]
[Source "www.chesslib.no"]
[SourceDate "2004.05.04"]

1. Nf3 g6 2. d4 Bg7 3. g3 c5 4. c3 Nf6 5. Bg2 O-O 6. O-O Na6 7. Bf4 d6 8. Qd2 Bf5 9. Na3 Rc8 10. Rac1 Qa5 11. Rfd1 Be4 12. Qe1 cxd4 13. cxd4 Qb4 14. Qxb4 Nxb4 15. Bd2 Nfd5 16. Bxb4 Nxb4 17. Nb5 Rxc1 18. Rxc1 a6 19. Nc3 Bxf3 20. Bxf3 Bxd4 21. Nd1 Nxa2 22. Rc7 e6 23. Rxb7 Rc8 24. e3 Bc5 25. Be2 Nb4 26. Nc3 d5 27. Kf1 Bf8 28. Ra7 Rc6 29. Bd1 Nd3 30. Ba4 Rc8 31. Bd7 Rd8 32. Na4 Ne5 0-1

[Event "Linz 71/59"]
[Site "?"]
[Date "1997.??.??"]
[Round "?"]
[White "Romanishin, Oleg M"]
[Black "Beim, Valery"]
[Result "0-1"]
[WhiteElo "2555"]
[BlackElo "2555"]
[PlyCount "84"]
[EventDate "1997.??.??"]
[Source "ChessBase"]
[SourceDate "1997.10.01"]

1. d4 d6 2. g3 g6 3. Bg2 Bg7 4. Nc3 Nf6 5. Nf3 O-O 6. O-O Nc6 7. d5 Na5 8. Rb1 Bd7 9. e4 c6 10. b3 cxd5 11. exd5 Rc8 12. Bd2 b5 13. a3 Re8 14. h3 a6 15. Nd4 Qb6 16. Nce2 e5 17. dxe6 fxe6 18. Qe1 Nb7 19. Rc1 e5 20. Nf3 d5 21. Nh2 d4 22. Bg5 Nd6 23. Bxf6 Bxf6 24. Qd2 Bc6 25. Bxc6 Qxc6 26. h4 Ne4 27. Qd3 Nc5 28. Qd2 Qe6 29. b4 Ne4 30. Qd3 Nc3 31. Nxc3 Rxc3 32. Qe4 Qf5 33. Qd5+ Kh8 34. Rfe1 e4 35. Qf7 Qe6 36. Qxe6 Rxe6 37. Nf1 Rxa3 38. Nd2 e3 39. Nb3 d3 40. Rxe3 Rxe3 41. fxe3 dxc2 42. Nd4 Rxe3 0-1

[Event "Solin"]
[Site "Solin"]
[Date "1997.??.??"]
[Round "4"]
[White "Dizdarevic, Emir"]
[Black "Balinov, Ilija"]
[Result "1-0"]
[WhiteElo "2540"]
[BlackElo "2570"]
[PlyCount "37"]
[EventDate "1997.??.??"]
[Source "www.chesslib.no"]
[SourceDate "2004.05.04"]

1. Nf3 Nf6 2. b3 g6 3. Bb2 Bg7 4. g3 d6 5. d4 c5 6. e3 Ne4 7. Bg2 Qa5+ 8. c3 cxd4 9. Nxd4 d5 10. O-O e5 11. Ne2 Nf6 12. c4 dxc4 13. Na3 O-O 14. Nxc4 Qa6 15. Bxe5 Nc6 16. Bc3 Bf5 17. Qc1 Ne4 18. Bxg7 Kxg7 19. g4 1-0

[Event "32nd olm Yerevan ARM"]
[Site "?"]
[Date "1996.??.??"]
[Round "?"]
[White "Dizdar, G."]
[Black "Spasov, V."]
[Result "1/2-1/2"]
[WhiteElo "2535"]
[BlackElo "2575"]
[PlyCount "62"]
[EventDate "1996.??.??"]
[Source "www.chesslib.no"]
[SourceDate "2004.05.04"]

1. Nf3 Nf6 2. g3 g6 3. b3 Bg7 4. Bb2 O-O 5. Bg2 d6 6. d4 e5 7. dxe5 Nfd7 8. Qd2 Nc6 9. Nc3 dxe5 10. O-O-O a5 11. h4 h6 12. g4 a4 13. g5 h5 14. e3 axb3 15. axb3 Nb4 16. Bh3 e4 17. Bxd7 exf3 18. Bxc8 Qxc8 19. Nd5 Nxd5 20. Qxd5 Ra2 21. Bxg7 Kxg7 22. Kb1 Qa8 23. Qe5+ Kg8 24. Rd7 c5 25. Rhd1 c4 26. R1d6 Ra6 27. bxc4 Rxd6 28. Rxd6 Qa3 29. Qd5 Qb4+ 30. Kc1 Qe1+ 31. Kb2 Qb4+ 1/2-1/2

[Event "Open Acropolis 2007"]
[Site "Atene GRE"]
[Date "2007.08.21"]
[Round "8.7"]
[White "Grivas, Efstratios"]
[Black "Kotronias, Vasilios"]
[Result "1/2-1/2"]
[WhiteElo "2507"]
[BlackElo "2602"]
[PlyCount "64"]
[EventDate "2007.08.14"]
[Source "www.chesslib.no"]
[SourceDate "2004.05.04"]

1. d4 Nf6 2. Nf3 g6 3. g3 Bg7 4. Bg2 O-O 5. O-O d6 6. a4 c6 7. Nbd2 Nbd7 8. e4 e5 9. Re1 exd4 10. Nxd4 Re8 11. h3 Nc5 12. N4b3 Nxb3 13. Nxb3 d5 14. exd5 Rxe1+ 15. Qxe1 Nxd5 16. a5 h5 17. c4 Nc7 18. Bf4 Bf5 19. Rd1 Qc8 20. Rd2 Na6 21. Kh2 Qe6 22. Qc1 Re8 23. Nd4 Qc8 24. Qd1 Nc5 25. Nxf5 Qxf5 26. b4 Ne6 27. Bd6 Bh6 28. Re2 Rd8 29. c5 Bf8 30. Rd2 Bh6 31. Re2 Bf8 32. Rd2 Bh6 1/2-1/2

[Event "Israel 75/52"]
[Site "?"]
[Date "1999.??.??"]
[Round "?"]
[White "Shvidler, Eliahu"]
[Black "Smirin, Ilia"]
[Result "0-1"]
[WhiteElo "2455"]
[BlackElo "2652"]
[PlyCount "96"]
[EventDate "1999.??.??"]
[Source "ChessBase"]
[SourceDate "1999.02.01"]

1. d4 Nf6 2. Nf3 g6 3. g3 Bg7 4. Bg2 O-O 5. O-O d6 6. Nc3 d5 7. Re1 Ne4 8. Ng5 Nxc3 9. bxc3 c5 10. Rb1 Nc6 11. e4 dxe4 12. d5 Ne5 13. Nxe4 b6 14. Bg5 h6 15. Bf4 Nc4 16. Qd3 Nd6 17. Nxd6 exd6 18. c4 Qf6 19. Bc1 Bf5 20. Be4 Rfe8 21. Bb2 Bxe4 22. Rxe4 Qf5 23. Rxe8+ Rxe8 24. Bxg7 Kxg7 25. a4 Re4 26. Rd1 h5 27. f3 Rd4 28. Qc3 Qf6 29. Re1 g5 30. Kf2 g4 31. Re4 Rd2+ 32. Qxd2 Qxf3+ 33. Kg1 Qxe4 34. Qg5+ Qg6 35. Qe7 Qf6 36. Qxa7 Qd4+ 37. Kg2 Qxc4 38. Qxb6 Qxd5+ 39. Kf2 Qd2+ 40. Kf1 Qd1+ 41. Kf2 Qxc2+ 42. Ke3 d5 43. a5 d4+ 44. Kf4 d3 45. Kg5 d2 46. Qf6+ Kg8 47. Qd8+ Kh7 48. Qd7 Kg7 0-1

[Event "IV Open Vila de Sort"]
[Site "Sort SPA"]
[Date "2008.06.29"]
[Round "7"]
[White "Rotstein, Arkadij"]
[Black "Mamedov, Nidjat"]
[Result "1-0"]
[WhiteElo "2528"]
[BlackElo "2577"]
[PlyCount "97"]
[EventDate "2008.06.24"]
[Source "www.chesslib.no"]
[SourceDate "2004.05.04"]

1. d4 Nf6 2. Nf3 g6 3. g3 Bg7 4. Bg2 O-O 5. O-O d6 6. a4 a5 7. Re1 Nc6 8. e4 Bg4 9. h3 Bxf3 10. Bxf3 Nd7 11. c3 e5 12. dxe5 Ndxe5 13. Bg2 Re8 14. Na3 Nd7 15. Be3 Nf6 16. Qc2 Re6 17. Nb5 Qe7 18. Nd4 Nxd4 19. cxd4 c6 20. f3 Nd5 21. Bf2 Nb4 22. Qd2 Re8 23. h4 Qf8 24. Bh3 R6e7 25. g4 f6 26. Bg3 Re6 27. Kg2 Qf7 28. Re2 d5 29. Rae1 dxe4 30. fxe4 Rd8 31. g5 fxg5 32. Bxe6 Qxe6 33. d5 cxd5 34. exd5 Rxd5 35. Qc1 Qd7 36. Qc4 gxh4 37. Re8+ Bf8 38. Bxh4 Qf7 39. Qc8 Rd2+ 40. Kg1 Rc2 41. Qa8 Rc4 42. Bg3 Rg4 43. Kh2 Rxg3 44. Kxg3 Kg7 45. Rxf8 Qc7+ 46. Kg2 Nd3 47. Rg8+ Kh6 48. Qf8+ Kg5 49. Qe7+ 1-0

[Event "Ter Apel"]
[Site "?"]
[Date "1996.??.??"]
[Round "?"]
[White "Andersson, U."]
[Black "Nijboer, F."]
[Result "1-0"]
[WhiteElo "2630"]
[BlackElo "2475"]
[PlyCount "75"]
[EventDate "1996.??.??"]
[Source "ChessBase"]
[SourceDate "1996.06.01"]

1. d4 Nf6 2. Nf3 g6 3. g3 Bg7 4. Bg2 O-O 5. O-O d6 6. Nc3 Nbd7 7. a4 a6 8. e4 e5 9. dxe5 dxe5 10. a5 b5 11. axb6 cxb6 12. Qe2 Bb7 13. Rd1 Qc7 14. Nd5 Nxd5 15. exd5 Rfe8 16. Ng5 h6 17. Ne4 f5 18. d6 Qc8 19. Nc3 e4 20. Nd5 Bxd5 21. Rxd5 Qc6 22. Rd1 Re6 23. c3 b5 24. Be3 Rxd6 25. Rxd6 Qxd6 26. Rd1 Qe6 27. Qd2 Ne5 28. Bxh6 Nc4 29. Qg5 Bxh6 30. Qxh6 Nxb2 31. Rd4 Nc4 32. g4 Rf8 33. gxf5 Qxf5 34. Rxe4 Qxf2+ 35. Kh1 Qf6 36. Rf4 Qxf4 37. Bd5+ Qf7 38. Qxg6+ 1-0